Criminología. Introducción al estudio de la conducta antisocial.

Збережено в:
Бібліографічні деталі
Автор: López Vergara, Jorge (autor)
Формат: Книга
Мова:Іспанська
Предмети:
Теги: Додати тег
Немає тегів, Будьте першим, хто поставить тег для цього запису!

MARC

LEADER 00000nam^a2200000^u^4500
001 000523881
005 20250521000000.0
008 121016s1000^^^^^^^^^^^^r^^^^^000^0^spa^d
009 20260310130614.57
022 |a 9686101217 
035 |a FCE 000068123 
037 |a Acervo ITESO - Biblioteca 
041 |a spa 
082 0 4 |a 364  |b LOPc 
100 |a López Vergara, Jorge  |e (autor) 
245 1 0 |a Criminología.  |b Introducción al estudio de la conducta antisocial. 
264 |a México:  |b ITESO,  |c 1991. 
300 |a 193 p. 
336 |a texto  |b txt  |2 rdacontenido 
337 |a sin mediación  |b n  |2 rdamedio 
338 |a volumen  |b nc  |2 rdasoporte 
649 |a XX 
650 |a Criminología 
650 |a Delitos 
650 |a Conducta antisocial 
910 |a Fondo Centro de Estudios Educativos 
920 |a Impresos - Libros 
930 |a Fondos Especiales 
905 |a 133 
901 |a ALE073415  |b IT2  |c CEE  |u 20250521 
902 |a https://opac.biblio.iteso.mx/vufind/Record/000523881